Statistics for 5 Letter Words #1

Click here to take the quiz!

General Stats

  • This quiz has been taken 59 times
  • The average score is 5 of 14

Answer Stats

HintAnswer% Correct
Founded by Steve JobsApple
89%
_ _ _ _ _ and stripesstars
89%
Country to DohaQatar
66%
Opposite of zenithNadir
62%
Spreadsheet by MSExcel
60%
Peninsula belonging to EgyptSinai
53%
number of letters in the word itself plus twoseven
43%
absence of lightblack
19%
common protocol for use of wwwhttps
13%
SI prefix for 100hecto
6%
Animal with name similar to the German word for hedgehogeagle
2%
black, common, sounds goodpiano
2%
Chinese car company beginning with QQoros
2%
Brought the Trojan horse to TroySinon
2%

Score Distribution

Percentile by Number Answered

Percent of People with Each Score

Your Score History

You have not taken this quiz